[Event "Public tournament. Everyone can join"]
[Site "SchemingMind.com"]
[Date "2006.06.14"]
[Round "-"]
[White "Gilligan"]
[Black "mart_r3000"]
[Result "1-0"]
[WhiteCountry "USA"]
[BlackCountry "ENG"]
[WhiteElo "1665"]
[WhiteRD "130"]
[BlackElo "1311"]
[BlackRD "55"]
[GameID "55297"]

1. e4 e5 2. Nf3 Nc6 3. Bc4 h6 4. O-O Nf6 5. Nc3 d6 6. h3 a6 7. d3 b5 8. Bb3 Bd7 9. a3 Qe7 10. Be3 Na5
11. Ba2 c5 12. b4 cxb4 13. axb4 Nc6 14. Rb1 d5 15. Bc5 Qe6 16. Bxd5 Nxd5 17. exd5 Qg6 18. dxc6 Bxh3 19. Nh4 Qg5 20. Qf3 Qxh4
21. gxh3 a5 22. c7 Qg5+ 23. Kh1 axb4 24. Qc6#
1-0

[Event "Public tournament. Everyone can join"]
[Site "SchemingMind.com"]
[Date "2006.06.14"]
[Round "-"]
[White "Gilligan"]
[Black "welsh-rarebit"]
[Result "1-0"]
[WhiteCountry "USA"]
[BlackCountry "WLS"]
[WhiteElo "1665"]
[WhiteRD "130"]
[BlackElo "1330"]
[BlackRD "71"]
[GameID "55298"]

1. e4 e5 2. Nf3 d5 3. exd5 Qxd5 4. Nc3 Qc5 5. Ne4 Qd5 6. d3 Bf5 7. Nc3 Bb4 8. Bd2 Bxc3 9. Bxc3 f6 10. Be2 Nh6
11. h3 e4 12. Nd4 exd3 13. cxd3 Qxg2 14. Bf3 Qg6 15. Bh5 O-O 16. Bxg6 Bxg6 17. Qb3+ Nf7 18. Qxb7 Nd7 19. Rg1 Nc5 20. Qxc7 Nxd3+
21. Kf1 Nde5 22. Rd1 Rfd8 23. f4 Rdc8 24. Qb7 Bd3+ 25. Kf2 Bc4 26. fxe5 Nxe5 27. Qxg7#
1-0

[Event "Public tournament. Everyone can join"]
[Site "SchemingMind.com"]
[Date "2006.06.14"]
[Round "-"]
[White "Gilligan"]
[Black "TrinketChain"]
[Result "1-0"]
[WhiteCountry "USA"]
[BlackCountry "USA"]
[WhiteElo "1649"]
[WhiteRD "100"]
[BlackElo "998"]
[BlackRD "129"]
[GameID "55299"]

1. e4 e5 2. Nf3 d6 3. Bc4 Nf6 4. O-O Nxe4 5. d3 Nc5 6. h3 Bf5 7. Nc3 Be7 8. Bd2 O-O 9. b4 Nca6 10. a3 c5
11. Qe2 Nc6 12. Nd5 Bf6 13. b5
1-0

[Event "Public tournament. Everyone can join"]
[Site "SchemingMind.com"]
[Date "2006.06.17"]
[Round "-"]
[White "Gary"]
[Black "Gilligan"]
[Result "0-1"]
[WhiteCountry "ENG"]
[BlackCountry "USA"]
[WhiteElo "1371"]
[WhiteRD "60"]
[BlackElo "1627"]
[BlackRD "72"]
[GameID "55302"]

1. e4 c5 2. Nf3 Nc6 3. d4 cxd4 4. Nxd4 e5 5. Nb5 Nf6 6. Nd6+ Bxd6 7. Qxd6 Nxe4 8. Qd3 d5 9. Nc3 Nc5 10. Qxd5 Qxd5
11. Nxd5 O-O 12. Be2 Nd4 13. Bd1 f5 14. O-O a6 15. Nb6 Rb8 16. c3 Nb5 17. Nxc8 Rbxc8 18. a4 Nd6 19. Bc2 h6 20. b4 Nce4
21. Bxe4 Nxe4 22. Bb2 Nxc3 23. a5 Rfe8 24. Rac1 Ne2+
0-1

[Event "Public tournament. Everyone can join"]
[Site "SchemingMind.com"]
[Date "2006.06.14"]
[Round "-"]
[White "iain"]
[Black "Gilligan"]
[Result "0-1"]
[WhiteCountry "USA"]
[BlackCountry "USA"]
[WhiteElo "1349"]
[WhiteRD "61"]
[BlackElo "1665"]
[BlackRD "130"]
[GameID "55303"]

1. e4 e5 2. Nf3 Nc6 3. Nc3 Nf6 4. d3 Bc5 5. Be3 Bb4 6. Be2 d6 7. O-O O-O 8. a3 Bxc3 9. bxc3 b6 10. Bg5 Bg4
11. d4 Bxf3 12. Bxf3 Qe7 13. d5 Na5 14. Qd3 h6 15. Bh4 g5 16. Bg3 Nd7 17. h3 f6 18. Be2 a6 19. f3 b5 20. h4 Rf7
21. hxg5 hxg5 22. a4 Nb7 23. axb5 a5 24. Kf2 Rh7 25. Rh1 Rxh1 26. Rxh1 a4 27. Ra1 Qh7 28. c4 Kf7 29. Qd1 Ndc5 30. Kg1 Rh8
31. Kf2 g4 32. Ke3 Qh6+ 33. f4 exf4+ 34. Bxf4 Qg6 35. Bxg4 Qxe4+ 36. Kf2 Qxf4+ 37. Qf3 Ne4+ 38. Ke2 Qd2+ 39. Kf1 Rh1#
0-1

[Event "Public tournament. Everyone can join"]
[Site "SchemingMind.com"]
[Date "2006.06.14"]
[Round "-"]
[White "MatdeInverses"]
[Black "Gilligan"]
[Result "1-0"]
[WhiteCountry "USA"]
[BlackCountry "USA"]
[WhiteElo "1978"]
[WhiteRD "46"]
[BlackElo "1665"]
[BlackRD "130"]
[GameID "55304"]

1. e4 e5 2. f4 exf4 3. Bc4 Qh4+ 4. Kf1 Bc5 5. d4 Bb6 6. Nf3 Qf6 7. Nc3 Ne7 8. e5 Qf5 9. Bd3 Qh5 10. Bxf4 Nbc6
11. Ne2 f5 12. Ng3 Qf7 13. c3 O-O 14. Qe2 Kh8 15. Ng5 Qg6 16. h4 d6 17. h5 Qe8 18. e6 Nd8 19. h6 g6 20. Be5+ Kg8
21. Bg7 Rf7 22. exf7+ Nxf7 23. Bc4 Bd7 24. Bxf7+ Qxf7 25. Nxf7 Kxf7 26. Re1 Re8 27. Qc4+ Nd5 28. Qxd5+ Be6 29. Rxe6 Rxe6 30. Nxf5
1-0

[Event "Public tournament. Everyone can join"]
[Site "SchemingMind.com"]
[Date "2006.06.14"]
[Round "-"]
[White "mart_r3000"]
[Black "Gilligan"]
[Result "0-1"]
[WhiteCountry "ENG"]
[BlackCountry "USA"]
[WhiteElo "1311"]
[WhiteRD "55"]
[BlackElo "1665"]
[BlackRD "130"]
[GameID "55305"]

1. e4 e5 2. Nf3 Nc6 3. Bc4 Bc5 4. O-O Nf6 5. Re1 O-O 6. Nc3 d6 7. d3 h6 8. Nd5 Bg4 9. h3 Bxf3 10. Qxf3 Nd4
11. Qg3 Nxc2 12. Bxh6 g6 13. Nxf6+ Qxf6 14. Rf1 Nxa1 15. Bg5 Qg7 16. Kh1 Nc2 17. f4 Ne3 18. Rf3 Nxc4 19. dxc4 exf4 20. Rxf4 Qd4
21. Rf1 Qxe4 22. Bf6 Bd4 23. Rf4 Qb1+ 24. Kh2 Qg1#
0-1

[Event "Public tournament. Everyone can join"]
[Site "SchemingMind.com"]
[Date "2006.06.14"]
[Round "-"]
[White "welsh-rarebit"]
[Black "Gilligan"]
[Result "0-1"]
[WhiteCountry "WLS"]
[BlackCountry "USA"]
[WhiteElo "1330"]
[WhiteRD "71"]
[BlackElo "1665"]
[BlackRD "130"]
[GameID "55306"]

1. e4 e5 2. Nf3 Nc6 3. d4 exd4 4. Nxd4 Bc5 5. Nxc6 bxc6 6. Qh5 Qe7 7. Qg4 Qf6 8. f3 d6 9. Bc4 Bxg4 10. fxg4 Qh4+
11. g3 Qxg4 12. Bd3 Nf6 13. Nc3 O-O 14. Be2 Qe6 15. Bd3 d5 16. Na4 Be7 17. O-O dxe4 18. Re1 Qd6 19. Nc3 exd3 20. Bf4 Qd7
21. Rad1 Bc5+ 22. Be3 Bxe3+ 23. Rxe3 dxc2 24. Rxd7 c1=Q+ 25. Rd1 Qxe3+ 26. Kf1 Qf3+ 27. Ke1 Rfe8+ 28. Kd2 Ne4+ 29. Kc1 Nxc3 30. bxc3 Qxc3+
31. Kb1 Rab8#
0-1

[Event "Public tournament. Everyone can join"]
[Site "SchemingMind.com"]
[Date "2006.06.15"]
[Round "-"]
[White "TrinketChain"]
[Black "Gilligan"]
[Result "0-1"]
[WhiteCountry "USA"]
[BlackCountry "USA"]
[WhiteElo "998"]
[WhiteRD "129"]
[BlackElo "1649"]
[BlackRD "100"]
[GameID "55307"]

1. e4 c5 2. d3 Nc6 3. Nc3 g6 4. Nf3 Bg7 5. Bf4 e5 6. Be3 b6 7. Be2 Nf6 8. O-O O-O 9. Bg5 Bb7 10. Nd5 h6
0-1

[Event "Public tournament. Everyone can join"]
[Site "SchemingMind.com"]
[Date "2006.06.14"]
[Round "-"]
[White "DustyC"]
[Black "Gary"]
[Result "1-0"]
[WhiteCountry "USA"]
[BlackCountry "ENG"]
[WhiteElo "1637"]
[WhiteRD "93"]
[BlackElo "1371"]
[BlackRD "60"]
[GameID "55313"]

1. e4 c5 2. Nf3 d6 3. d4 cxd4 4. Nxd4 Nf6 5. Nc3 a6 6. Bd3 e6 7. O-O Be7 8. Be3 O-O 9. Qf3 Qc7 10. Qg3 Rd8
11. Nce2 Nbd7 12. Bh6 g6 13. Bg5 Nh5 14. Qh4 Bxg5 15. Qxg5 Nhf6 16. b3
1-0

[Event "Public tournament. Everyone can join"]
[Site "SchemingMind.com"]
[Date "2006.06.14"]
[Round "-"]
[White "DustyC"]
[Black "iain"]
[Result "1-0"]
[WhiteCountry "USA"]
[BlackCountry "USA"]
[WhiteElo "1688"]
[WhiteRD "95"]
[BlackElo "1376"]
[BlackRD "56"]
[GameID "55314"]

1. e4 d6 2. d4 Nf6 3. Nc3 g6 4. Nf3 Bg7 5. h3 O-O 6. Be3 Re8 7. e5 dxe5 8. dxe5 Qxd1+ 9. Rxd1 Nfd7 10. e6 fxe6
11. Nd4 Nb6 12. Ncb5 Be5 13. Nf3 a6 14. Bd4 Bd6 15. Nxd6 exd6 16. Be2 e5 17. Bc3 Be6 18. a3 Nc4 19. Ng5 Kg7 20. Nxe6+ Rxe6
21. Bxc4 Re7 22. Bd2 Nc6 23. Be2 Nd4 24. Bg5 Rf7 25. Bd3 b5 26. Be3 c5 27. Bxd4 exd4 28. O-O Re8 29. Rde1 Rxe1 30. Rxe1 d5
31. b4 c4 32. Be2 Re7 33. Kf1 Kf6 34. Rd1 Ke5 35. g3 h5 36. f3 g5 37. Rc1 Rc7 38. Ra1 Rc6 39. Rd1 d3 40. cxd3 cxd3
41. Rxd3 Rc1+ 42. Rd1 Rc3 43. Ra1 d4 44. Ke1 d3 45. Kd2 Rc2+ 46. Kxd3 Rb2 47. a4 Rxb4 48. axb5 axb5 49. Kc3 Rd4 50. Bxb5 Rd6
51. Be8 h4 52. gxh4 gxh4 53. Ra4 Rf6 54. Re4+ Kd6 55. Re3 Rf4 56. Kd3 Kd5 57. Bh5 Ra4 58. Re4 Ra3+ 59. Ke2 Ra2+ 60. Ke3 Ra3+
61. Kf4 Ra1 62. Kg5
1-0

[Event "Public tournament. Everyone can join"]
[Site "SchemingMind.com"]
[Date "2006.06.14"]
[Round "-"]
[White "DustyC"]
[Black "MatdeInverses"]
[Result "0-1"]
[WhiteCountry "USA"]
[BlackCountry "USA"]
[WhiteElo "1688"]
[WhiteRD "95"]
[BlackElo "2016"]
[BlackRD "45"]
[GameID "55315"]

1. e4 c5 2. Nf3 Nc6 3. Nc3 Nf6 4. Bd3 g6 5. O-O Bg7 6. b3 O-O 7. Bb2 d6 8. Nd5 Nxd5 9. exd5 Bxb2 10. Rb1 Bg7
11. dxc6 bxc6 12. c4 a5 13. Qc2 Bg4 14. Be2 e5 15. Qe4 f5 16. Qxc6 e4 17. Qd5+ Kh8 18. Nd4 Bxd4 19. Bxg4 fxg4 20. Qxe4 Qg5
21. Rbd1 g3 22. hxg3 Rae8 23. Qh4 Qxh4 24. gxh4 Re2 25. g3 Rfxf2 26. Rxf2 Rxf2 27. Kh1 Kg7 28. a3 Be5 29. b4 cxb4 30. axb4 axb4
31. g4 Rh2+ 32. Kg1 Rxh4 33. Rb1 Rxg4+ 34. Kf2 Rxc4 35. Ke2 h5 36. Rb3 h4 37. Kf1 g5 38. Kg1 g4 39. d3 Rc1+ 40. Kf2 g3+
41. Kf3 h3 42. Rb2 h2 43. d4 h1=Q+ 44. Rg2 Rc3+ 45. Kg4 Kg6
0-1

[Event "Public tournament. Everyone can join"]
[Site "SchemingMind.com"]
[Date "2006.06.14"]
[Round "-"]
[White "DustyC"]
[Black "mart_r3000"]
[Result "1-0"]
[WhiteCountry "USA"]
[BlackCountry "ENG"]
[WhiteElo "1688"]
[WhiteRD "95"]
[BlackElo "1246"]
[BlackRD "56"]
[GameID "55316"]

1. e4 e5 2. Nf3 Nc6 3. Bb5 a6 4. Ba4 b5 5. Bb3 Bc5 6. c3 Nf6 7. d4 exd4 8. e5 Ne4 9. O-O O-O 10. cxd4 Be7
11. Bd5 Kh8 12. Bxe4 d6 13. Bxc6 Rb8 14. Be3 h6 15. d5 dxe5 16. Ba7 Bf5 17. Bxb8 Qxb8 18. Nc3 b4 19. Ne2 e4 20. Ne5 Qd8
21. Ng3 Bc8 22. Qh5 Qd6 23. Nxf7+ Kg8 24. Nxd6 Bxd6 25. Qg6 Rf6 26. Qe8+ Rf8 27. Qxe4 a5 28. Nh5 Rf5 29. Ng3 Re5 30. Qd4 Ba6
31. Rfe1 Re7 32. Rxe7 Bxe7 33. Nh5 Bf8 34. d6 cxd6 35. Bd5+ Kh7 36. Qf4 Be7 37. Qf7
1-0

[Event "Public tournament. Everyone can join"]
[Site "SchemingMind.com"]
[Date "2006.06.14"]
[Round "-"]
[White "DustyC"]
[Black "welsh-rarebit"]
[Result "0-1"]
[WhiteCountry "USA"]
[BlackCountry "WLS"]
[WhiteElo "1637"]
[WhiteRD "93"]
[BlackElo "1402"]
[BlackRD "73"]
[GameID "55317"]

1. e4 e5 2. Nf3 d5 3. exd5 Qxd5 4. Qe2 Bg4 5. Qxe5+ Qxe5+ 6. Nxe5 Be6 7. d4 f6 8. Nc4 Nc6 9. Be3 Nb4 10. Nca3 Nd5
11. Nc4 Nb4 12. Bd3 Bxc4 13. Bxc4 Nxc2+ 14. Kd2 Nxa1 15. Nc3 Bb4 16. Rxa1 Nh6 17. a3 Bxc3+ 18. Kxc3 Nf5 19. Bf4 c6 20. Re1+ Kd8
21. Bd3 Nh4 22. Bd6 Nxg2 23. Re7 b5 24. Be4 Nh4 25. Bxc6 Rc8 26. Rd7+ Ke8 27. Rxa7+ Rxc6+ 28. Bc5 Rc8 29. Re7+ Kd8 30. Rb7 Nf5
31. Rxb5 Nd6 32. Rb6 Ne4+ 33. Kc4 Nxf2 34. Kd5 Nd3 35. Bd6 g5 36. Rb7 Nf4+ 37. Ke4 Re8+ 38. Kf3 Ne6 39. Ke3 Nf4+ 40. Kf3 Ne6
41. d5 Nd4+ 42. Kg4 Re4+ 43. Kh5 Rh4#
0-1

[Event "Public tournament. Everyone can join"]
[Site "SchemingMind.com"]
[Date "2006.06.14"]
[Round "-"]
[White "DustyC"]
[Black "Gilligan"]
[Result "0-1"]
[WhiteCountry "USA"]
[BlackCountry "USA"]
[WhiteElo "1688"]
[WhiteRD "95"]
[BlackElo "1649"]
[BlackRD "100"]
[GameID "55318"]

1. e4 e5 2. Nf3 Nc6 3. Bb5 d6 4. d4 Bd7 5. d5 Na5 6. Bxd7+ Qxd7 7. Nbd2 Nf6 8. b4 Nc6 9. dxc6 Qxc6 10. Rb1 Nxe4
11. Nxe4 Qxe4+ 12. Be3 Be7 13. O-O O-O 14. a3 Rad8 15. Re1 Qf5 16. Qd3 e4 17. Nd4 Qd5 18. Qb5 Qxb5 19. Nxb5 c6 20. Nc3 f5
21. b5 d5 22. Red1 Bxa3 23. bxc6 bxc6 24. Na4 Bd6 25. Bc5 f4 26. Bxd6 Rxd6 27. Nc5 h5 28. h4 Kh7 29. Re1 Kh6 30. Rb7 Rg8
31. Rxa7 g5 32. Ra4 gxh4 33. Kh2 Rdg6 34. Rg1 f3 35. g3 hxg3+ 36. Rxg3 h4 37. Rxg6+ Rxg6 38. Ra3 Rg2+ 39. Kh3 Rxf2 40. c4 Re2
41. Ra1 dxc4 42. Kxh4 f2 43. Rf1 e3 44. Ne4 c3 45. Ng3 Re1 46. Nf5+ Kg6 47. Ng3 Rxf1 48. Kh3 Rh1+ 49. Kg4 f1=Q 50. Ne4 Rg1+
51. Ng3 Qf5+ 52. Kh4 Qg5+
0-1

[Event "Public tournament. Everyone can join"]
[Site "SchemingMind.com"]
[Date "2006.06.17"]
[Round "-"]
[White "Gary"]
[Black "DustyC"]
[Result "0-1"]
[WhiteCountry "ENG"]
[BlackCountry "USA"]
[WhiteElo "1371"]
[WhiteRD "60"]
[BlackElo "1637"]
[BlackRD "93"]
[GameID "55322"]

1. c4 c5 2. g3 Nf6 3. Bg2 e6 4. e3 d5 5. cxd5 exd5 6. Ne2 Be7 7. d4 Nc6 8. O-O c4 9. Nbc3 Bf5 10. a3 Na5
11. Nf4 Nb3 12. Ra2 Bd3 13. Re1 Be4 14. Bxe4 dxe4 15. Qe2 O-O 16. Qxc4 Na5 17. Qe2 Rc8 18. Bd2 Nc4 19. b4 a6 20. Rc1 b5
0-1

[Event "Public tournament. Everyone can join"]
[Site "SchemingMind.com"]
[Date "2006.06.14"]
[Round "-"]
[White "iain"]
[Black "DustyC"]
[Result "0-1"]
[WhiteCountry "USA"]
[BlackCountry "USA"]
[WhiteElo "1376"]
[WhiteRD "56"]
[BlackElo "1688"]
[BlackRD "95"]
[GameID "55323"]

1. e4 c5 2. Nf3 d6 3. d4 cxd4 4. Nxd4 Nf6 5. Nc3 a6 6. Bd3 e5 7. Nb3 Be7 8. O-O h6 9. Nd5 Nc6 10. c3 Be6
11. f4 Bxd5 12. exd5 Nxd5 13. fxe5 dxe5 14. Qe1 O-O 15. c4 Ndb4 16. Bb1 a5 17. Be3 Rb8 18. a3 Nd3 19. Qe2 e4 20. c5 Qd5
21. Bxd3 exd3 22. Qd2 Qxb3 23. Rac1 Qe6 24. Qxd3 Bf6 25. Rc2 Ne5 26. Qb5 Ng4 27. Bd2 Qe5 28. g3 Qd4+ 29. Kg2 Qe4+ 30. Kg1 Qxc2
31. Qe2 Qxb2
0-1

[Event "Public tournament. Everyone can join"]
[Site "SchemingMind.com"]
[Date "2006.06.14"]
[Round "-"]
[White "MatdeInverses"]
[Black "DustyC"]
[Result "1-0"]
[WhiteCountry "USA"]
[BlackCountry "USA"]
[WhiteElo "2016"]
[WhiteRD "45"]
[BlackElo "1688"]
[BlackRD "95"]
[GameID "55324"]

1. e4 c5 2. Nc3 e6 3. Nf3 Nc6 4. d4 cxd4 5. Nxd4 Nf6 6. Nxc6 bxc6 7. Bg5 Be7 8. Bd3 d5 9. e5 Nd7 10. Bf4 Bb4
11. O-O O-O 12. Qh5 g6 13. Qh6 Be7 14. Rfe1 Qe8 15. Re3 f6 16. Bxg6 Qxg6 17. Rg3 Qxg3 18. Bxg3 Rf7 19. exf6 Bxf6 20. Re1 Rg7
21. Rxe6 Rg6 22. Qf4 Kg7 23. Rxc6 Nb6 24. Qc7+ Kg8 25. Rxb6 axb6 26. Nxd5 Be6 27. Nxf6+ Rxf6 28. Qxb6 Re8 29. h3 Kf7 30. a4 Bxh3
31. Qxf6+ Kxf6 32. gxh3 Re2 33. b4 Ke6 34. c4 Re4 35. b5 Kd7 36. a5 Rxc4 37. a6 Ra4 38. b6 Rxa6 39. b7 Rb6 40. b8=Q Rxb8
41. Bxb8 Ke6 42. Kg2 Kf5 43. Kg3 h6 44. f4
1-0

[Event "Public tournament. Everyone can join"]
[Site "SchemingMind.com"]
[Date "2006.06.14"]
[Round "-"]
[White "mart_r3000"]
[Black "DustyC"]
[Result "0-1"]
[WhiteCountry "ENG"]
[BlackCountry "USA"]
[WhiteElo "1246"]
[WhiteRD "56"]
[BlackElo "1688"]
[BlackRD "95"]
[GameID "55325"]

1. e4 c5 2. Nf3 Nc6 3. Nc3 e5 4. Bc4 Be7 5. Nd5 d6 6. c3 a6 7. d3 Nf6 8. Nxe7 Qxe7 9. O-O Na5 10. Qa4+ Nc6
11. Ng5 O-O 12. Qb3 Na5 13. Bxf7+ Rxf7 14. Qxf7+ Qxf7 15. Nxf7 Kxf7 16. Bd2 Nc6 17. f4 b5 18. Be3 Ng4 19. fxe5+ Ke6 20. Rf5 Nxe3
21. Rg5 g6 22. Re1 Nxg2 23. Kxg2 Nxe5 24. Rf1 Ke7 25. h4 Bb7 26. h5 Rf8 27. Rxf8 Kxf8 28. Kg3 Kf7 29. Kf4 Nxd3+ 30. Kg4 Bxe4
31. Kh4 Nxb2 32. Rg4 Bf5 33. hxg6+ hxg6 34. Rf4 Kf6 35. Rf2 Na4 36. Rd2 Ke7 37. Kg5 Nxc3
0-1

[Event "Public tournament. Everyone can join"]
[Site "SchemingMind.com"]
[Date "2006.06.14"]
[Round "-"]
[White "welsh-rarebit"]
[Black "DustyC"]
[Result "1-0"]
[WhiteCountry "WLS"]
[BlackCountry "USA"]
[WhiteElo "1402"]
[WhiteRD "73"]
[BlackElo "1637"]
[BlackRD "93"]
[GameID "55326"]

1. e4 c5 2. d4 cxd4 3. Qxd4 Nc6 4. Qe3 e5 5. Nf3 Nf6 6. Bb5 Bb4+ 7. Nc3 Qe7 8. Bd2 Bc5 9. Qg5 g6 10. Bxc6 dxc6
11. Nxe5 h6 12. Qf4 Nh5 13. Qxf7+ Qxf7 14. Nxf7 Kxf7 15. Na4 Bd6 16. O-O-O b5 17. Nc3 Be5 18. g4 Bxg4 19. Rde1 Nf4 20. Rhg1 h5
21. Kb1 Nh3 22. Rgf1 Bxh2 23. e5 Rhe8 24. f3 Be6 25. f4 Bg3 26. Re3 h4 27. Ne4 Bc4 28. Nd6+ Ke7 29. Nxc4 bxc4 30. f5 Kf7
31. e6+ Kg8 32. f6 Rf8 33. f7+ Kg7 34. Bc3+ Kh6 35. e7 Bd6 36. exf8=Q+ Rxf8 37. Rxh3 Bg3 38. Rhh1 Kh5 39. Bb4 Rb8 40. f8=Q Rxf8
41. Rxf8 Kg4 42. Rf6 g5 43. Rxc6 h3 44. Rxc4+ Bf4 45. Bd2 Kh4 46. Bxf4 g4 47. Rg1 a6 48. Bh2
1-0

[Event "Public tournament. Everyone can join"]
[Site "SchemingMind.com"]
[Date "2006.06.14"]
[Round "-"]
[White "Gilligan"]
[Black "DustyC"]
[Result "0-1"]
[WhiteCountry "USA"]
[BlackCountry "USA"]
[WhiteElo "1649"]
[WhiteRD "100"]
[BlackElo "1688"]
[BlackRD "95"]
[GameID "55327"]

1. e4 c5 2. Nf3 d6 3. d4 cxd4 4. Nxd4 Nf6 5. Nc3 d5 6. e5 Ne4 7. Bd2 Nc6 8. Bb5 Bd7 9. Nxe4 Nxd4 10. Bxd7+ Qxd7
11. Bc3 e6 12. Nf6+ gxf6 13. Bxd4 f5 14. O-O O-O-O 15. Bxa7 Qb5 16. Qd4 Kc7 17. Qc3+ Qc6 18. Qxc6+ Kxc6 19. Bd4 Be7 20. f4 b5
21. g3 Bc5 22. Rad1 Bxd4+ 23. Rxd4 Kc5 24. c3 Ra8 25. a3 Ra4 26. Kf2 Rxd4 27. cxd4+ Kc4 28. Ke3 Kb3 29. Rf2 Rc8 30. h3 Rc2
31. Rf1 Kxb2 32. Kd3 Rc3+ 33. Kd2 Rxa3 34. Rc1 Rxg3 35. Rc7 b4 36. Rxf7 Rxh3 37. Rf6 Ra3 38. Rxe6 b3 39. Rb6 Ra4 40. Kd3 Rc4
41. Rb5 Rc3+ 42. Kd2 Rc2+ 43. Kd3 h5 44. e6 Rc3+ 45. Ke2 Rc6 46. Rxd5 Rxe6+ 47. Re5 Rf6 48. d5 Ka2 49. Kf3 b2 50. d6 b1=Q
51. Ra5+ Kb2 52. Rb5+ Kc1 53. Rxb1+ Kxb1 54. d7 Rd6 55. Kg3 Rxd7 56. Kh4 Rh7 57. Kg5 h4 58. Kxf5 h3 59. Kg6 Ra7 60. f5 h2
61. f6 h1=Q 62. f7 Qf1 63. f8=Q Qxf8
0-1